[Event "Landesliga Nord 0809"]
[Site "Bayern"]
[Date "2008.10.26"]
[Round "2.6"]
[White "Stoeckl, Stephan"]
[Black "Maerz, Julian"]
[Result "1-0"]
[WhiteElo "1976"]
[BlackElo "2015"]
[PlyCount "77"]
[EventDate "2008.10.05"]
[EventType "team-tourn"]
[EventRounds "9"]
[EventCountry "GER"]
[SourceTitle "EXT 2020"]
[Source "ChessBase"]
[SourceDate "2019.10.17"]
[SourceVersion "1"]
[SourceVersionDate "2019.10.17"]
[SourceQuality "1"]
[WhiteTeam "Schwandorf"]
[BlackTeam "Neutraubling"]
[WhiteTeamCountry "GER"]
[BlackTeamCountry "GER"]

1. Nf3 c5 2. c4 Nc6 3. b3 Nf6 4. Bb2 e6 5. g3 d5 6. Bg2 d4 7. d3 Bd6 8. 0-0 Qc7 9. e3 dxe3 10. fxe3 Ng4 11. Qe2 h5 12. Nc3 h4 13. Nb5 Qb8 14. Nxd6+ Qxd6 15. Nxh4 f5 16. Rad1 Bd7 17. Bf3 Nce5 18. Bxe5 Nxe5 19. d4 Nxf3+ 20. Nxf3 0-0-0 21. Ne5 Be8 22. Qb2 Bh5 23. Rd2 g5 24. d5 a6 25. Rff2 Kc7 26. b4 Rhe8 27. Rd3 Kb8 28. bxc5 Qxc5 29. Nc6+ Kc8 30. Nxd8 Rxd8 31. Rb3 exd5 32. Rxb7 Rd7 33. Rxd7 Kxd7 34. Qg7+ Qe7 35. Qxe7+ Kxe7 36. cxd5 Bg4 37. Kg2 Kd6 38. h3 Bd1 39. Rxf5 1-0

[Event "Regionalliga NO 0708"]
[Site "Bayern"]
[Date "2007.10.21"]
[Round "1.7"]
[White "Maerz, Julian"]
[Black "Goetz, Andreas"]
[Result "1/2-1/2"]
[WhiteElo "1908"]
[BlackElo "2063"]
[PlyCount "75"]
[EventDate "2007.10.21"]
[EventType "team-tourn"]
[EventRounds "9"]
[EventCountry "GER"]
[SourceTitle "EXT 2009"]
[Source "ChessBase"]
[SourceDate "2008.11.26"]
[SourceVersion "1"]
[SourceVersionDate "2008.11.26"]
[SourceQuality "1"]
[WhiteTeam "Kareth Lappersdorf"]
[BlackTeam "Erlangen"]
[WhiteTeamCountry "GER"]
[BlackTeamCountry "GER"]

1. e4 e5 2. Nf3 Nc6 3. Bb5 a6 4. Ba4 Nf6 5. 0-0 Nxe4 6. Re1 Nc5 7. Bxc6 dxc6 8. Nxe5 Be7 9. d4 Ne6 10. c3 0-0 11. Be3 f6 12. Nf3 Bd6 13. Nbd2 Re8 14. Ne4 Bf4 15. Bxf4 Nxf4 16. Qd2 Ng6 17. Nc5 b6 18. Rxe8+ Qxe8 19. Re1 Qf7 20. Nd3 Bg4 21. Qe3 Qxa2 22. Nb4 Qc4 23. Nd2 Qb5 24. Qg3 a5 25. Qxg4 axb4 26. Qe6+ Kf8 27. c4 Qa4 28. b3 Qa7 29. Qxc6 Rd8 30. Nf3 Qb8 31. Kf1 Re8 32. Rxe8+ Qxe8 33. Qxc7 Qe4 34. Qd6+ Kf7 35. Qd7+ Kf8 36. Qd8+ Kf7 37. Qd7+ Kf8 38. Qd8+ 1/2-1/2

[Event "GER-ch U14"]
[Site "Willingen"]
[Date "2007.05.27"]
[Round "2"]
[White "Maerz, Julian"]
[Black "Tsoumanis, Konstantinos"]
[Result "1-0"]
[WhiteElo "1952"]
[BlackElo "1459"]
[PlyCount "59"]
[EventDate "2007.05.26"]
[EventType "swiss"]
[EventRounds "9"]
[EventCountry "GER"]
[SourceTitle "CBM 118 Extra"]
[Source "ChessBase"]
[SourceDate "2007.07.04"]
[SourceVersion "1"]
[SourceVersionDate "2007.07.04"]
[SourceQuality "1"]

1. e4 e5 2. Nf3 Nc6 3. Bb5 a6 4. Ba4 b5 5. Bb3 Bc5 6. 0-0 Nf6 7. Nxe5 Nxe5 8. d4 Bd6 9. f4 Nc6 10. e5 Be7 11. exf6 Bxf6 12. d5 Ne7 13. g4 h6 14. Re1 Bh4 15. Re5 d6 16. Rh5 Ng6 17. f5 0-0 18. Qd3 Ne5 19. Qh3 Bb7 20. g5 c5 21. Rxh4 c4 22. f6 gxf6 23. Rxh6 Ng6 24. Nc3 fxg5 25. Ne4 Qe7 26. Bxg5 f6 27. Rxg6+ Kf7 28. Qh7+ Ke8 29. Nxf6+ Rxf6 30. Qxe7+ 1-0

[Event "Regionalliga NO 0607"]
[Site "Bayern"]
[Date "2007.02.25"]
[Round "6.8"]
[White "Maerz, Julian"]
[Black "Finster, Michael"]
[Result "0-1"]
[WhiteElo "1716"]
[BlackElo "2079"]
[PlyCount "54"]
[EventDate "2006.10.15"]
[EventType "team-tourn"]
[EventRounds "9"]
[EventCountry "GER"]
[SourceTitle "EXT 2008"]
[Source "ChessBase"]
[SourceDate "2007.11.25"]
[SourceVersion "1"]
[SourceVersionDate "2007.11.25"]
[SourceQuality "1"]
[WhiteTeam "Kareth Lappersdorf"]
[BlackTeam "Nuernberg Sued SW"]
[WhiteTeamCountry "GER"]
[BlackTeamCountry "GER"]

1. e4 e6 2. d3 c5 3. Nf3 Nc6 4. g3 d5 5. Nbd2 Bd6 6. Bg2 Nge7 7. 0-0 Qc7 8. c3 Bd7 9. d4 f6 10. Re1 0-0 11. dxc5 Bxc5 12. exd5 Nxd5 13. Nb3 Bb6 14. Nfd4 Rad8 15. Nb5 Qc8 16. Bxd5 exd5 17. Nd6 Qb8 18. Qxd5+ Kh8 19. Bf4 Ne5 20. Bxe5 Bc6 21. Nf7+ Rxf7 22. Qxf7 fxe5 23. Re2 Rf8 24. Qc4 Qe8 25. Qh4 Qf7 26. Qg4 Bxf2+ 27. Kf1 Be3+ 0-1

[Event "Regionalliga NO 0607"]
[Site "Bayern"]
[Date "2006.10.29"]
[Round "2.8"]
[White "Kohlmann, Adrian"]
[Black "Maerz, Julian"]
[Result "1/2-1/2"]
[WhiteElo "1948"]
[BlackElo "1744"]
[PlyCount "74"]
[EventDate "2006.10.15"]
[EventType "team-tourn"]
[EventRounds "9"]
[EventCountry "GER"]
[SourceTitle "EXT 2008"]
[Source "ChessBase"]
[SourceDate "2007.11.25"]
[SourceVersion "1"]
[SourceVersionDate "2007.11.25"]
[SourceQuality "1"]
[WhiteTeam "Grieseebach"]
[BlackTeam "Kareth Lappersdorf"]
[WhiteTeamCountry "GER"]
[BlackTeamCountry "GER"]

1. e4 c5 2. c3 d5 3. exd5 Qxd5 4. d4 Nf6 5. Nf3 Bg4 6. Be2 e6 7. 0-0 Nc6 8. Be3 cxd4 9. cxd4 Bb4 10. a3 Ba5 11. b4 Bb6 12. Nc3 Qd7 13. b5 Bxf3 14. Bxf3 Nxd4 15. Bxd4 Bxd4 16. Rc1 0-0 17. Ne2 e5 18. Nxd4 exd4 19. Qd3 Rac8 20. Rfd1 Rxc1 21. Rxc1 Re8 22. h3 Rd8 23. a4 h6 24. a5 Nh7 25. b6 axb6 26. axb6 Qd6 27. Rc7 Qxb6 28. Rxb7 Qc5 29. Qb3 Ng5 30. Bg4 Qc1+ 31. Qd1 Qxd1+ 32. Bxd1 Ne4 33. f3 Nc5 34. Rc7 Ne6 35. Rb7 Nc5 36. Rc7 Ne6 37. Rb7 Nc5 1/2-1/2

[Event "Bayern-A U16"]
[Site "Oberhaching"]
[Date "2006.08.09"]
[Round "6"]
[White "Pal, Imre1111"]
[Black "Maerz, Julian"]
[Result "1-0"]
[WhiteElo "2175"]
[BlackElo "1966"]
[PlyCount "49"]
[EventDate "2006.08.06"]
[EventType "tourn"]
[EventRounds "9"]
[EventCountry "GER"]
[SourceTitle "EXT 2007"]
[Source "ChessBase"]
[SourceDate "2006.11.23"]
[SourceVersion "1"]
[SourceVersionDate "2006.11.23"]
[SourceQuality "1"]

1. e4 e5 2. Nf3 Nc6 3. Bc4 Nf6 4. d4 exd4 5. 0-0 d6 6. Nxd4 Nxd4 7. Qxd4 Be7 8. Nc3 0-0 9. Bf4 Be6 10. Rad1 Nh5 11. Be3 Bf6 12. Qd3 Bxc4 13. Qxc4 Bxc3 14. Qxc3 Qe7 15. f3 h6 16. g4 Nf6 17. g5 hxg5 18. Bxg5 Kh7 19. Rf2 Rfe8 20. Rg2 Rac8 21. f4 Qe6 22. f5 Qe5 23. Bxf6 Qxf6 24. Qxf6 gxf6 25. Rd3 1-0

[Event "Bayern-A U16"]
[Site "Oberhaching"]
[Date "2006.08.07"]
[Round "2"]
[White "Csavajda, Peter"]
[Black "Maerz, Julian"]
[Result "1/2-1/2"]
[WhiteElo "1955"]
[BlackElo "1966"]
[PlyCount "35"]
[EventDate "2006.08.06"]
[EventType "tourn"]
[EventRounds "9"]
[EventCountry "GER"]
[SourceTitle "EXT 2007"]
[Source "ChessBase"]
[SourceDate "2006.11.23"]
[SourceVersion "1"]
[SourceVersionDate "2006.11.23"]
[SourceQuality "1"]

1. e4 c5 2. c3 d5 3. exd5 Qxd5 4. d4 Nf6 5. Nf3 Bg4 6. Be2 e6 7. 0-0 Nc6 8. Be3 cxd4 9. cxd4 Be7 10. Nc3 Qd6 11. a3 a6 12. Qa4 0-0 13. Rfd1 b5 14. Qc2 Rac8 15. Rac1 Na5 16. Ng5 Bxe2 17. Qxe2 h6 18. Nge4 1/2-1/2

[Event "GER-ch U12"]
[Site "Willingen"]
[Date "2005.05.19"]
[Round "8"]
[White "Maerz, Julian"]
[Black "Kammrad, Caroline"]
[Result "1/2-1/2"]
[WhiteElo "1439"]
[BlackElo "1385"]
[PlyCount "63"]
[EventDate "2005.05.14"]
[EventType "swiss"]
[EventRounds "11"]
[EventCountry "GER"]
[SourceTitle "CBM 106 Extra"]
[Source "ChessBase"]
[SourceDate "2005.07.01"]
[SourceVersion "1"]
[SourceVersionDate "2005.07.01"]
[SourceQuality "1"]

1. e4 e5 2. Nf3 Nc6 3. Bb5 a6 4. Ba4 Nf6 5. Nc3 b5 6. Bb3 Bc5 7. 0-0 0-0 8. Nxe5 Nxe5 9. d4 Bxd4 10. Qxd4 d6 11. Bg5 Be6 12. Nd5 c5 13. Qd1 c4 14. Nxf6+ gxf6 15. Bh6 Re8 16. h3 Kh8 17. f4 f5 18. fxe5 Qh4 19. Bd2 Rg8 20. Rf2 Qxh3 21. exd6 Rg6 22. Qf3 Qxf3 23. Rxf3 fxe4 24. Bc3+ Kg8 25. Rf6 cxb3 26. axb3 Kf8 27. Rxg6 hxg6 28. Ba5 Ke8 29. Kf2 Kd7 30. Bc7 Kc6 31. Ke3 f5 32. g3 1/2-1/2

[Event "GER-ch U12"]
[Site "Willingen"]
[Date "2005.05.15"]
[Round "3"]
[White "Kartsev, Alexandr"]
[Black "Maerz, Julian"]
[Result "1-0"]
[WhiteElo "1600"]
[BlackElo "1439"]
[PlyCount "173"]
[EventDate "2005.05.14"]
[EventType "swiss"]
[EventRounds "11"]
[EventCountry "GER"]
[SourceTitle "CBM 106 Extra"]
[Source "ChessBase"]
[SourceDate "2005.07.01"]
[SourceVersion "1"]
[SourceVersionDate "2005.07.01"]
[SourceQuality "1"]

1. f4 e5 2. fxe5 d6 3. exd6 Bxd6 4. Nf3 g5 5. c3 g4 6. Qa4+ Bd7 7. Qe4+ Qe7 8. Qxe7+ Nxe7 9. Nd4 c5 10. Nc2 Nbc6 11. d3 0-0-0 12. Bg5 Rhg8 13. Bxe7 Bxe7 14. g3 Rde8 15. Nd2 Bf5 16. e4 Bf6 17. Be2 Be6 18. 0-0-0 Bg5 19. Kb1 f5 20. exf5 Bxf5 21. Rhe1 Bxd2 22. Rxd2 Re7 23. Rf1 Rge8 24. Bd1 Bd7 25. b3 a6 26. Rf4 h5 27. d4 cxd4 28. Nxd4 Nxd4 29. Rfxd4 Bf5+ 30. Bc2 Re1+ 31. Kb2 Bxc2 32. Rxc2 R1e2 33. Rdd2 Rxd2 34. Rxd2 Re3 35. b4 Kc7 36. Kb3 Kc6 37. Rf2 Rf3 38. Rd2 Re3 39. a4 b6 40. b5+ axb5 41. axb5+ Kc5 42. Rf2 Rf3 43. Re2 Rf5 44. c4 Rf3+ 45. Ka4 Kxc4 46. Re6 Rf2 47. Rc6+ Kd5 48. Rxb6 Rxh2 49. Rg6 Kc4 50. Ka5 Ra2+ 51. Kb6 Kb4 52. Rg5 Ra3 53. Rxh5 Rxg3 54. Kb7 Rf3 55. Rg5 Rf7+ 56. Ka6 Rf8 57. b6 Ra8+ 58. Kb7 Ra1 59. Rxg4+ Kc5 60. Kc7 Rf1 61. Rg5+ Kb4 62. b7 Rf7+ 63. Kb6 Rf8 64. Ka7 Ka3 65. b8Q Rxb8 66. Kxb8 Kb4 67. Kc7 Kc4 68. Kd6 Kb4 69. Kc6 Kc4 70. Rg4+ Kd3 71. Kd5 Ke3 72. Ra4 Kf3 73. Ke5 Kg3 74. Kf5 Kf3 75. Ra3+ Ke2 76. Ke4 Kd2 77. Rh3 Kc2 78. Kd4 Kb2 79. Kc4 Ka2 80. Kb4 Kb2 81. Rh2+ Kc1 82. Kc3 Kd1 83. Ra2 Ke1 84. Kd3 Kf1 85. Ke3 Kg1 86. Kf3 Kh1 87. Kg3 1-0

[Event "Oberpfalz-ch M3"]
[Site "Regensburg"]
[Date "2004.04.05"]
[Round "6.25"]
[White "Plank, Michael"]
[Black "Maerz, Julian"]
[Result "0-1"]
[WhiteElo "778"]
[BlackElo "967"]
[PlyCount "92"]
[EventDate "2004.04.03"]
[EventType "swiss"]
[EventRounds "8"]
[EventCountry "GER"]
[SourceTitle "EXT 2022"]
[Source "ChessBase"]
[SourceDate "2021.10.06"]
[SourceVersion "1"]
[SourceVersionDate "2021.10.06"]
[SourceQuality "1"]

1. d4 c6 2. Nf3 d5 3. Bf4 Bf5 4. Nc3 Nd7 5. e3 Ngf6 6. Bd3 Bxd3 7. Qxd3 e6 8. 0-0 c5 9. Ne5 c4 10. Qd2 Be7 11. b3 Bb4 12. bxc4 Ne4 13. Qd3 Bxc3 14. Rab1 Nxe5 15. Bxe5 f6 16. Bf4 Qd7 17. Rbd1 Nd2 18. Qxc3 Nxf1 19. Rxf1 Rc8 20. c5 b6 21. Bd6 Qxd6 22. cxd6 Rxc3 23. Rc1 Kd7 24. g3 Rhc8 25. Kg2 Kxd6 26. Kf3 Rxc2 27. Rxc2 Rxc2 28. a4 e5 29. dxe5+ Kxe5 30. h4 d4 31. exd4+ Kxd4 32. g4 Ke5 33. Kg3 Rc3+ 34. f3 g5 35. hxg5 fxg5 36. Kf2 Kf4 37. a5 Rc2+ 38. Ke1 Kxf3 39. axb6 axb6 40. Kd1 Rb2 41. Kc1 Rh2 42. Kd1 Ke3 43. Kc1 Kd3 44. Kb1 Kc3 45. Ka1 Kb3 46. Kb1 Rh1# 0-1